| 000 | 00385nam a2200145Ia 4500 | ||
|---|---|---|---|
| 008 | 230917s9999||||xx |||||||||||||| ||und|| | ||
| 040 |
_e188639 _aMAIN |
||
| 041 | _aEnglish | ||
| 082 | _a361.6 S79S | ||
| 100 | _aSirohi, Anand | ||
| 245 | 0 | _aSocial work: Welfare plans and projects for social groups | |
| 260 |
_aNew Delhi _bWisdom Press _c2012 |
||
| 300 | _av, 448 p. | ||
| 942 | _cBK | ||
| 999 |
_c158865 _d158865 |
||